[Event "San Sebastian de los Reyes op 13th"]
[Site "San Sebastian"]
[Date "2011.12.10"]
[Round "9"]
[White "Orellana Iglesias, Julio Jose"]
[Black "Montero Garcia, Francisco Javier"]
[Result "1/2-1/2"]
[WhiteElo "1787"]
[BlackElo "1935"]
[PlyCount "110"]
[EventDate "2011.12.02"]
[EventType "swiss"]
[EventRounds "9"]
[EventCountry "ESP"]
[SourceTitle "CBM 145 Extra"]
[Source "ChessBase"]
[SourceDate "2012.01.03"]
[SourceVersion "1"]
[SourceVersionDate "2012.01.03"]
[SourceQuality "1"]

1. e4 Nf6 2. e5 Nd5 3. Nc3 e6 4. Nxd5 exd5 5. d4 d6 6. Nf3 Bg4 7. Bf4 Nc6 8. Bb5 Be7 9. Qd3 0-0 10. 0-0 Bxf3 11. gxf3 Bg5 12. Bg3 f5 13. f4 Bh6 14. Bxc6 bxc6 15. c4 Rb8 16. Qc3 dxe5 17. dxe5 d4 18. Qf3 c5 19. Qa3 Qe7 20. Qxa7 Rxb2 21. Rfb1 Rxb1+ 22. Rxb1 d3 23. Qa3 Rd8 24. Rd1 d2 25. Qe3 Rd4 26. Rxd2 Qd8 27. Rxd4 cxd4 28. Qd3 c5 29. Qxf5 d3 30. Qe6+ Kh8 31. Qg4 d2 32. Qd1 Kg8 33. e6 Qd4 34. Kg2 Bxf4 35. Bxf4 Qxf4 36. h3 Kf8 37. a4 Qe4+ 38. Kh2 Qe5+ 39. Kg2 Qe4+ 40. Kg3 Qd3+ 41. Kh2 Ke7 42. a5 Kxe6 43. a6 Qd6+ 44. Kg1 Qxa6 45. Qg4+ Kf7 46. Qf4+ Ke7 47. Qg5+ Kf7 48. Qf4+ Ke8 49. Qxd2 Qxc4 50. Qe3+ Kf8 51. Qf3+ Qf7 52. Qa8+ Qe8 53. Qf3+ Kg8 54. Qd5+ Qf7 55. Qxc5 Qg6+ 1/2-1/2

[Event "San Sebastian de los Reyes op 13th"]
[Site "San Sebastian"]
[Date "2011.12.09"]
[Round "8"]
[White "Montero Garcia, Francisco Javier"]
[Black "Barez Menendez, Hector"]
[Result "0-1"]
[WhiteElo "1935"]
[BlackElo "2161"]
[PlyCount "24"]
[EventDate "2011.12.02"]
[EventType "swiss"]
[EventRounds "9"]
[EventCountry "ESP"]
[SourceTitle "CBM 145 Extra"]
[Source "ChessBase"]
[SourceDate "2012.01.03"]
[SourceVersion "1"]
[SourceVersionDate "2012.01.03"]
[SourceQuality "1"]

1. e4 e5 2. Nf3 Nc6 3. Bb5 g6 4. d4 exd4 5. Nxd4 Bg7 6. Be3 Nf6 7. Nc3 0-0 8. f3 a6 9. Bc4 Re8 10. 0-0 Na5 11. Bd3 d5 12. Re1 c5 0-1

[Event "San Sebastian de los Reyes op 13th"]
[Site "San Sebastian"]
[Date "2011.12.07"]
[Round "6"]
[White "Aziz Ortego, Omar Luis"]
[Black "Montero Garcia, Francisco Javier"]
[Result "1-0"]
[WhiteElo "2139"]
[BlackElo "1935"]
[PlyCount "63"]
[EventDate "2011.12.02"]
[EventType "swiss"]
[EventRounds "9"]
[EventCountry "ESP"]
[SourceTitle "CBM 145 Extra"]
[Source "ChessBase"]
[SourceDate "2012.01.03"]
[SourceVersion "1"]
[SourceVersionDate "2012.01.03"]
[SourceQuality "1"]

1. e4 c5 2. c4 Nc6 3. Nf3 e5 4. d3 g6 5. Be2 Bg7 6. Nfd2 Nge7 7. Nf1 0-0 8. Ne3 d6 9. Nc3 f5 10. 0-0 Nd4 11. Ned5 Nxd5 12. Nxd5 Be6 13. exf5 gxf5 14. Bf3 Rb8 15. Be3 a6 16. Bxd4 cxd4 17. a4 b5 18. axb5 axb5 19. b3 e4 20. dxe4 Bxd5 21. exd5 bxc4 22. bxc4 Rb4 23. Qd3 Qc8 24. Be2 Qb8 25. Rab1 Be5 26. Rxb4 Qxb4 27. Rb1 Qc3 28. Qd1 Ra8 29. Bd3 Ra7 30. Bxf5 Qxc4 31. Qg4+ Kf7 32. Bxh7 1-0

[Event "Madrid-ch sf-A"]
[Site "Madrid"]
[Date "2011.01.24"]
[Round "4"]
[White "Montero Garcia, Francisco Javier"]
[Black "Tejedor Ariza, Francisco"]
[Result "0-1"]
[WhiteElo "1929"]
[BlackElo "2100"]
[PlyCount "125"]
[EventDate "2011.01.17"]
[EventType "swiss"]
[EventRounds "9"]
[EventCountry "ESP"]
[SourceTitle "CBM 140 Extra"]
[Source "ChessBase"]
[SourceDate "2011.03.01"]
[SourceVersion "1"]
[SourceVersionDate "2011.03.01"]
[SourceQuality "1"]

1. e4 c5 2. Nf3 e6 3. d4 cxd4 4. Nxd4 Nc6 5. Nb5 d6 6. Bf4 e5 7. Bg5 Qxg5 8. Nc7+ Kd8 9. Nxa8 Nf6 10. Nc3 b6 11. Nb5 Nxe4 12. Qd5 Qf4 13. f3 Qe3+ 14. Be2 Nb4 15. Qxe4 Qxe4 16. fxe4 Nxc2+ 17. Kf2 Nxa1 18. Rxa1 Bb7 19. Nac7 a6 20. Nxa6 Bxa6 21. Nxd6 Bxe2 22. Nxf7+ Ke8 23. Nxh8 Bc4 24. Rc1 Bc5+ 25. Kf3 Bxa2 26. Ra1 Bb3 27. Ra8+ Ke7 28. g4 Bd4 29. Ra7+ Kf6 30. g5+ Kxg5 31. Rxg7+ Kf6 32. Rxh7 Bxb2 33. Rh6+ Kg7 34. Rxb6 Bd1+ 35. Kg2 Bd4 36. Rb8 Bc2 37. Kf3 Bd1+ 38. Kg2 Bc2 39. Kf3 Bg1 40. h4 Bh2 41. Kg2 Bf4 42. Kf3 Bd1+ 43. Kg2 Bh5 44. Kf2 Kh7 45. Kg2 Bh6 46. Rb7+ Kxh8 47. Re7 Bg7 48. Kf2 Bf6 49. Rc7 Bxh4+ 50. Ke3 Kg8 51. Kd3 Bf7 52. Kc3 Kg7 53. Kb4 Bf2 54. Kb5 Kf6 55. Kc6 Ke6 56. Rb7 Bg6 57. Rb4 Bd4 58. Kc7 Bxe4 59. Ra4 Kd5 60. Kd7 Bd3 61. Ra5+ Bc5 62. Ke8 e4 63. Kf7 0-1

[Event "Madrid-ch Previa-A"]
[Site "Madrid"]
[Date "2010.11.24"]
[Round "8"]
[White "Montero Garcia, Francisco Javier"]
[Black "Rojas Pozo, Jose Luis"]
[Result "0-1"]
[WhiteElo "1925"]
[BlackElo "1946"]
[PlyCount "60"]
[EventDate "2010.11.10"]
[EventType "swiss"]
[EventRounds "9"]
[EventCountry "ESP"]
[SourceTitle "EXT 2012"]
[Source "ChessBase"]
[SourceDate "2011.11.24"]
[SourceVersion "1"]
[SourceVersionDate "2011.11.24"]
[SourceQuality "1"]

1. Nf3 Nf6 2. d4 d5 3. c4 c6 4. g3 Bf5 5. Nc3 e6 6. Bg2 h6 7. 0-0 Nbd7 8. cxd5 exd5 9. Bf4 Be7 10. Qb3 Qb6 11. Qxb6 axb6 12. Ne5 g5 13. Be3 b5 14. a4 b4 15. Nxd7 Kxd7 16. Nb1 Ra5 17. Nd2 Rha8 18. Nb3 Rxa4 19. Rxa4 Rxa4 20. Nc5+ Bxc5 21. dxc5 b3 22. Rd1 Bc2 23. Rd2 Ra1+ 24. Bf1 Ne4 25. Rd4 Nxc5 26. Rb4 Kd6 27. Kg2 b5 28. h4 Ra4 29. Rxa4 bxa4 30. hxg5 a3 0-1

[Event "Madrid-ch Previa-A"]
[Site "Madrid"]
[Date "2010.11.23"]
[Round "7"]
[White "Perez Cameselle, Francisco Jose"]
[Black "Montero Garcia, Francisco Javier"]
[Result "1/2-1/2"]
[WhiteElo "1882"]
[BlackElo "1925"]
[PlyCount "117"]
[EventDate "2010.11.10"]
[EventType "swiss"]
[EventRounds "9"]
[EventCountry "ESP"]
[SourceTitle "EXT 2012"]
[Source "ChessBase"]
[SourceDate "2011.11.24"]
[SourceVersion "1"]
[SourceVersionDate "2011.11.24"]
[SourceQuality "1"]

1. e4 c5 2. d3 Nc6 3. Nf3 d6 4. g3 g6 5. Bg2 Bg7 6. 0-0 e5 7. Nc3 Nge7 8. Ne1 0-0 9. f4 Be6 10. Nf3 h6 11. Be3 Rb8 12. fxe5 Nxe5 13. Nxe5 Bxe5 14. Bxh6 Bg7 15. Bxg7 Kxg7 16. d4 Qb6 17. d5 Bd7 18. b3 f6 19. Kh1 Rh8 20. Qf3 Rbf8 21. Rae1 g5 22. Nd1 Ng6 23. Ne3 Qd8 24. Nf5+ Bxf5 25. Qxf5 Ne5 26. Rf2 Rh6 27. Bf3 Rfh8 28. Bd1 Qa5 29. Ref1 Re8 30. Be2 a6 31. a4 Qc3 32. Kg1 Qe3 33. Kg2 Reh8 34. Rh1 Qd4 35. h3 Qe3 36. Bd1 Qd4 37. Be2 Qe3 38. Bd1 Qd4 39. Bf3 Re8 40. Rd1 Qc3 41. Bg4 Qb4 42. Rdf1 Qc3 43. Re2 Qb4 44. Qf2 Nxg4 45. hxg4 Reh8 46. Kf3 Qc3+ 47. Qe3 Qe5 48. Rg2 Rh1 49. Rgg1 Rxg1 50. Rxg1 Rh2 51. Rg2 Rh1 52. Re2 Qa1 53. Rf2 Qd1+ 54. Qe2 Qa1 55. Qd3 Qc1 56. Qe3 Qd1+ 57. Qe2 Qa1 58. Qd3 Qe1 59. Qe3 1/2-1/2

[Event "Madrid-ch Previa-A"]
[Site "Madrid"]
[Date "2010.11.17"]
[Round "5"]
[White "Camarero Izquierdo, Juan Carlos"]
[Black "Montero Garcia, Francisco Javier"]
[Result "1-0"]
[WhiteElo "1876"]
[BlackElo "1925"]
[PlyCount "115"]
[EventDate "2010.11.10"]
[EventType "swiss"]
[EventRounds "9"]
[EventCountry "ESP"]
[SourceTitle "EXT 2012"]
[Source "ChessBase"]
[SourceDate "2011.11.24"]
[SourceVersion "1"]
[SourceVersionDate "2011.11.24"]
[SourceQuality "1"]

1. e4 c5 2. Nf3 e6 3. d4 cxd4 4. Nxd4 Nf6 5. Bd3 Nc6 6. Be3 d5 7. Nxc6 bxc6 8. e5 Nd7 9. f4 Nc5 10. 0-0 Nxd3 11. Qxd3 Be7 12. Nd2 a5 13. Qc3 Bd7 14. Bc5 0-0 15. Bxe7 Qxe7 16. Nb3 a4 17. Nc5 Rfb8 18. b4 Bc8 19. a3 Ba6 20. Rf3 Bc4 21. Re1 Re8 22. Rg3 Rad8 23. Ne4 Kh8 24. Nd6 Rxd6 25. exd6 Qa7+ 26. Kh1 f6 27. Qe3 Qd7 28. Qc5 Kg8 29. Rge3 Kf7 30. Rh3 Kg8 31. Rh4 h6 32. Rg4 Rd8 33. h4 Qxd6 34. Qxd6 Rxd6 35. h5 Kf7 36. Re3 Rd8 37. Kg1 Re8 38. Kf2 Rd8 39. Reg3 Rg8 40. Ke3 Bb5 41. Kd4 Be2 42. Rh4 Rc8 43. Kc5 Bb5 44. Rh1 Rg8 45. Re1 Re8 46. Rge3 Re7 47. Kd6 c5 48. Kxc5 Bd7 49. b5 Re8 50. b6 Rc8+ 51. Kd6 Ke8 52. Rxe6+ Bxe6 53. Rxe6+ Kf7 54. Re7+ Kf8 55. Ra7 Rxc2 56. b7 Rb2 57. Ra8+ Kf7 58. b8Q 1-0

[Event "San Sebastian Constitucion op 11th"]
[Site "San Sebastian"]
[Date "2009.12.07"]
[Round "8"]
[White "Semprun Martinez, Fernando M"]
[Black "Montero Garcia, Francisco Javier"]
[Result "1-0"]
[WhiteElo "2170"]
[BlackElo "1909"]
[PlyCount "53"]
[EventDate "2009.11.30"]
[EventType "swiss"]
[EventRounds "9"]
[EventCountry "ESP"]
[SourceTitle "CBM 133 Extra"]
[Source "ChessBase"]
[SourceDate "2010.01.05"]
[SourceVersion "1"]
[SourceVersionDate "2010.01.05"]
[SourceQuality "1"]

1. e4 c5 2. Nf3 e6 3. b3 Nc6 4. Bb2 d6 5. Na3 Nf6 6. e5 dxe5 7. Bb5 Bd7 8. Bxc6 Bxc6 9. Bxe5 Bd6 10. Bb2 b5 11. Qe2 a6 12. 0-0 0-0 13. c4 Rb8 14. Ne5 Bxe5 15. Bxe5 Rb7 16. Rad1 Rd7 17. cxb5 axb5 18. Nxb5 Ne4 19. Nc3 Nxd2 20. Rfe1 Qg5 21. f4 Qd8 22. f5 Re8 23. Qg4 f6 24. fxe6 Nf3+ 25. gxf3 Rxd1 26. Rxd1 Qe7 27. Bd6 1-0

[Event "San Sebastian Constitucion op 11th"]
[Site "San Sebastian"]
[Date "2009.12.04"]
[Round "5"]
[White "Garcia Lopez, Fernando"]
[Black "Montero Garcia, Francisco Javier"]
[Result "1/2-1/2"]
[WhiteElo "1658"]
[BlackElo "1909"]
[PlyCount "38"]
[EventDate "2009.11.30"]
[EventType "swiss"]
[EventRounds "9"]
[EventCountry "ESP"]
[SourceTitle "CBM 133 Extra"]
[Source "ChessBase"]
[SourceDate "2010.01.05"]
[SourceVersion "1"]
[SourceVersionDate "2010.01.05"]
[SourceQuality "1"]

1. e4 c5 2. Nf3 e6 3. d4 cxd4 4. Nxd4 Nf6 5. Nc3 Nc6 6. Ndb5 Bb4 7. Nd6+ Ke7 8. Nxc8+ Rxc8 9. Bd3 d5 10. 0-0 dxe4 11. Nxe4 Nxe4 12. Bxe4 Qxd1 13. Rxd1 Rhd8 14. Bg5+ f6 15. Be3 g6 16. c3 Rxd1+ 17. Rxd1 Bd6 18. a3 b6 19. Bxc6 Rxc6 1/2-1/2

[Event "San Sebastian Constitucion op 11th"]
[Site "San Sebastian"]
[Date "2009.12.01"]
[Round "2"]
[White "Montero Garcia, Francisco Javier"]
[Black "Ortega Ruiz, Jose Miguel"]
[Result "0-1"]
[WhiteElo "1909"]
[BlackElo "2326"]
[PlyCount "70"]
[EventDate "2009.11.30"]
[EventType "swiss"]
[EventRounds "9"]
[EventCountry "ESP"]
[SourceTitle "CBM 133 Extra"]
[Source "ChessBase"]
[SourceDate "2010.01.05"]
[SourceVersion "1"]
[SourceVersionDate "2010.01.05"]
[SourceQuality "1"]

1. e4 d5 2. exd5 Qxd5 3. Nc3 Qa5 4. d4 Nf6 5. Nf3 Bg4 6. h3 Bh5 7. g4 Bg6 8. Ne5 e6 9. Bd2 c6 10. Nxg6 hxg6 11. Bg2 Qb6 12. Qe2 Qxd4 13. 0-0-0 Nbd7 14. g5 Nh5 15. Be3 Qe5 16. Rxd7 Kxd7 17. Rd1+ Ke8 18. Qc4 Rc8 19. Qa4 Bc5 20. Bxc5 Qxc5 21. Ne4 Qb6 22. Nd6+ Ke7 23. Qa3 c5 24. Qf3 Rhf8 25. Nxc8+ Rxc8 26. Qxb7+ Qxb7 27. Bxb7 Rc7 28. Bf3 Nf4 29. h4 Nh3 30. Rf1 Rd7 31. Bg2 Nf4 32. Bf3 Rd4 33. c3 Ra4 34. a3 Nd3+ 35. Kc2 Ne5 0-1

[Event "Collado Villalba op-B 26th"]
[Site "Collado Villalba"]
[Date "2009.08.24"]
[Round "4"]
[White "Cano Cabanillas, Javier"]
[Black "Montero Garcia, Francisco Javier"]
[Result "1/2-1/2"]
[WhiteElo "1968"]
[BlackElo "1912"]
[PlyCount "47"]
[EventDate "2009.08.21"]
[EventType "swiss"]
[EventRounds "9"]
[EventCountry "ESP"]
[SourceTitle "EXT 2011"]
[Source "ChessBase"]
[SourceDate "2010.11.26"]
[SourceVersion "1"]
[SourceVersionDate "2010.11.26"]
[SourceQuality "1"]

1. e4 c5 2. c3 Nf6 3. e5 Nd5 4. d4 cxd4 5. Nf3 Nc6 6. cxd4 d6 7. Bc4 Nb6 8. Bb5 dxe5 9. Nxe5 Bd7 10. Bxc6 Bxc6 11. Nxc6 bxc6 12. 0-0 e6 13. Nc3 Be7 14. Qg4 0-0 15. Rd1 Nd5 16. Bh6 Bf6 17. Rd3 Kh8 18. Bd2 Rb8 19. Rh3 g6 20. Ne4 Bg7 21. Bh6 Bxh6 22. Rxh6 Kg7 23. Qh3 Rh8 24. b3 1/2-1/2

[Event "Galapagar op 10th"]
[Site "Galapagar"]
[Date "2009.07.18"]
[Round "1"]
[White "Garcia Martinez, Adrian"]
[Black "Montero Garcia, Francisco Javier"]
[Result "0-1"]
[WhiteElo "1766"]
[BlackElo "1939"]
[PlyCount "50"]
[EventDate "2009.07.18"]
[EventType "swiss"]
[EventRounds "9"]
[EventCountry "ESP"]
[SourceTitle "EXT 2010"]
[Source "ChessBase"]
[SourceDate "2010.11.25"]
[SourceVersion "1"]
[SourceVersionDate "2010.11.25"]
[SourceQuality "1"]

1. Nf3 Nf6 2. d4 c5 3. c4 cxd4 4. Nxd4 Nc6 5. g3 g6 6. Nc3 Bg7 7. Be3 Ng4 8. Nxc6 bxc6 9. Bd2 Qb6 10. e3 d6 11. b3 Nxe3 12. Na4 Qd4 13. Bxe3 Qxa1 14. Qxa1 Bxa1 15. Bg2 Bd7 16. Kd2 Bg7 17. Re1 0-0 18. f4 Rfc8 19. Nc3 a5 20. Na4 Rab8 21. Bb6 c5 22. Rxe7 Bxa4 23. Bc7 Bf6 24. Bxb8 Bxe7 25. bxa4 Rxb8 0-1

[Event "Madrid-ch sf-A"]
[Site "Madrid"]
[Date "2009.01.21"]
[Round "6"]
[White "Montero Garcia, Francisco Javier"]
[Black "Cortes Jurado, Rafael"]
[Result "0-1"]
[WhiteElo "1906"]
[BlackElo "2050"]
[PlyCount "58"]
[EventDate "2009.01.12"]
[EventType "swiss"]
[EventRounds "9"]
[EventCountry "ESP"]
[SourceTitle "CBM 128 Extra"]
[Source "ChessBase"]
[SourceDate "2009.03.05"]
[SourceVersion "2"]
[SourceVersionDate "2009.03.25"]
[SourceQuality "1"]

1. e4 c5 2. Nf3 e6 3. d3 Nc6 4. g3 g6 5. Bg2 Bg7 6. 0-0 Nge7 7. Re1 0-0 8. Nbd2 d5 9. e5 Qc7 10. Qe2 Nf5 11. c3 b5 12. Nb3 c4 13. Nbd4 Nfxd4 14. Nxd4 Nxd4 15. cxd4 Rb8 16. Bd2 a5 17. dxc4 dxc4 18. d5 exd5 19. Bxd5 Bb7 20. Bxb7 Rxb7 21. Rac1 Re8 22. f4 Bf8 23. b3 Rd8 24. bxc4 bxc4 25. Red1 Rb2 26. e6 Qc5+ 27. Kf1 Qd5 28. exf7+ Kxf7 29. Bc3 Qh1+ 0-1

[Event "Madrid-ch sf-A"]
[Site "Madrid"]
[Date "2009.01.19"]
[Round "4"]
[White "Montero Garcia, Francisco Javier"]
[Black "Andalon Gomez, Carlos Jesus"]
[Result "1-0"]
[WhiteElo "1906"]
[BlackElo "1999"]
[PlyCount "89"]
[EventDate "2009.01.12"]
[EventType "swiss"]
[EventRounds "9"]
[EventCountry "ESP"]
[SourceTitle "CBM 128 Extra"]
[Source "ChessBase"]
[SourceDate "2009.03.05"]
[SourceVersion "2"]
[SourceVersionDate "2009.03.25"]
[SourceQuality "1"]

1. e4 c6 2. d4 d5 3. exd5 cxd5 4. c4 Nf6 5. Nc3 Nc6 6. Bg5 e6 7. Nf3 Be7 8. c5 Ne4 9. Bxe7 Qxe7 10. Qc2 Ng5 11. Nxg5 Qxg5 12. Bb5 0-0 13. Bxc6 bxc6 14. 0-0 e5 15. dxe5 Qxe5 16. Rfe1 Qf6 17. Rad1 Bf5 18. Qd2 Rab8 19. b3 Rfd8 20. Ne2 Rb5 21. Nd4 Rbb8 22. Qf4 Bd7 23. Qxf6 gxf6 24. Re3 a5 25. a3 Re8 26. Rde1 Kf8 27. Rxe8+ Rxe8 28. Rxe8+ Kxe8 29. Kf1 Kd8 30. Ke2 Kc7 31. Ke3 Bg4 32. Kf4 Bd7 33. Kg3 Kd8 34. Kh4 Ke7 35. Kh5 f5 36. f4 Kf8 37. Kh6 Kg8 38. b4 axb4 39. axb4 Be8 40. Kg5 Bd7 41. Kf6 Kf8 42. h3 Ke8 43. Kg7 Ke7 44. Kxh7 f6 45. Kg7 1-0

[Event "Madrid-ch sf-A"]
[Site "Madrid"]
[Date "2009.01.14"]
[Round "3"]
[White "Garcia Esteban, Juan Ignacio"]
[Black "Montero Garcia, Francisco Javier"]
[Result "1/2-1/2"]
[WhiteElo "2071"]
[BlackElo "1906"]
[PlyCount "82"]
[EventDate "2009.01.12"]
[EventType "swiss"]
[EventRounds "9"]
[EventCountry "ESP"]
[SourceTitle "CBM 128 Extra"]
[Source "ChessBase"]
[SourceDate "2009.03.05"]
[SourceVersion "2"]
[SourceVersionDate "2009.03.25"]
[SourceQuality "1"]

1. e4 c5 2. Nf3 e6 3. c3 Nf6 4. d3 Nc6 5. Be2 d5 6. e5 Nd7 7. d4 f6 8. exf6 Nxf6 9. 0-0 Bd6 10. Bg5 0-0 11. Nbd2 cxd4 12. cxd4 e5 13. dxe5 Nxe5 14. Qb3 Kh8 15. Nxe5 Bxe5 16. Nf3 Bc7 17. Rad1 Qd6 18. Bxf6 Qxf6 19. Qxd5 Qh6 20. Qg5 Bxh2+ 21. Kh1 Qxg5 22. Nxg5 Bc7 23. Bf3 h6 24. Ne4 Be6 25. b3 Rad8 26. Nc5 Bc8 27. Nxb7 Bxb7 28. Rxd8 Rxd8 29. Bxb7 Rd2 30. a4 Bb6 31. Kg1 Kg8 32. g3 Kf7 33. Ba6 Kf6 34. Kg2 h5 35. Bc4 g5 36. Kf3 Kf5 37. Kg2 g4 38. Bg8 Kg5 39. Bf7 a5 40. Be8 Bc5 41. Bb5 Bb4 1/2-1/2

[Event "Madrid-ch Previa-A"]
[Site "Madrid"]
[Date "2008.11.11"]
[Round "5"]
[White "Gabriel y Galan Acevedo, Jesus"]
[Black "Montero Garcia, Francisco Javier"]
[Result "1/2-1/2"]
[WhiteElo "2033"]
[BlackElo "1887"]
[PlyCount "46"]
[EventDate "2008.11.03"]
[EventType "swiss"]
[EventRounds "9"]
[EventCountry "ESP"]
[SourceTitle "CBM 127 Extra"]
[Source "ChessBase"]
[SourceDate "2009.01.08"]
[SourceVersion "2"]
[SourceVersionDate "2009.01.28"]
[SourceQuality "1"]

1. d4 Nf6 2. Nf3 c5 3. c3 d5 4. e3 Nc6 5. Bd3 e6 6. Nbd2 Bd6 7. 0-0 0-0 8. e4 cxd4 9. cxd4 dxe4 10. Nxe4 Nxe4 11. Bxe4 Bd7 12. Bg5 Be7 13. Bf4 Bf6 14. Ne5 Rc8 15. Qd3 g6 16. Bh6 Bg7 17. Bxg7 Kxg7 18. a3 f6 19. Nc4 Be8 20. Rfd1 Rf7 21. Rd2 Rd7 22. Bxc6 Rxc6 23. Rad1 Bf7 1/2-1/2

[Event "Madrid-ch Previa-A"]
[Site "Madrid"]
[Date "2008.11.04"]
[Round "2"]
[White "Montero Garcia, Francisco Javier"]
[Black "Osorio Ramos, Francisco"]
[Result "1/2-1/2"]
[WhiteElo "1887"]
[BlackElo "1960"]
[PlyCount "61"]
[EventDate "2008.11.03"]
[EventType "swiss"]
[EventRounds "9"]
[EventCountry "ESP"]
[SourceTitle "CBM 127 Extra"]
[Source "ChessBase"]
[SourceDate "2009.01.08"]
[SourceVersion "2"]
[SourceVersionDate "2009.01.28"]
[SourceQuality "1"]

1. e4 c5 2. Nf3 d6 3. d4 cxd4 4. Nxd4 Nf6 5. Nc3 a6 6. Bg5 e6 7. f4 Nbd7 8. Qf3 Qc7 9. 0-0-0 b5 10. Bxb5 axb5 11. Ndxb5 Qb8 12. e5 Bb7 13. Qe2 dxe5 14. Qc4 Qc8 15. Nc7+ Kd8 16. Bxf6+ gxf6 17. Rxd7+ Kxd7 18. Rd1+ Bd6 19. N3b5 Bd5 20. Rxd5 exd5 21. Qxd5 Qxc7 22. Qxf7+ Kc6 23. Qc4+ Kb6 24. Nxc7 Bxc7 25. Qe6+ Kb7 26. Qd5+ Kb8 27. Qb3+ Ka7 28. Qa3+ Kb7 29. Qb3+ Bb6 30. Qf7+ Ka6 31. Qc4+ 1/2-1/2

[Event "Cambados op 24th"]
[Site "Cambados"]
[Date "2008.08.05"]
[Round "5"]
[White "Montero Garcia, Francisco Javier"]
[Black "Diz Suarez, Carlos"]
[Result "0-1"]
[WhiteElo "1870"]
[BlackElo "1689"]
[PlyCount "112"]
[EventDate "2008.08.01"]
[EventType "swiss"]
[EventRounds "9"]
[EventCountry "ESP"]
[SourceTitle "CBM 125 Extra"]
[Source "ChessBase"]
[SourceDate "2008.09.01"]
[SourceVersion "1"]
[SourceVersionDate "2008.09.01"]
[SourceQuality "1"]

1. e4 c6 2. d4 d5 3. exd5 cxd5 4. c4 e6 5. Nc3 Nf6 6. Nf3 Be7 7. Bg5 0-0 8. Bd3 b6 9. 0-0 Bb7 10. Re1 Na6 11. cxd5 Nxd5 12. Bxe7 Nxe7 13. Ng5 Nf5 14. Qh5 h6 15. Nxe6 fxe6 16. Rxe6 Qg5 17. Qh3 Nh4 18. Re5 Nf3+ 19. Qxf3 Rxf3 20. Bc4+ Rf7 21. Rxg5 hxg5 22. Re1 Rc8 23. Bb3 Rcc7 24. Bxf7+ Kxf7 25. Nb5 Re7 26. Nd6+ Kf8 27. Rxe7 Kxe7 28. Nxb7 Kd7 29. a3 Kc7 30. Na5 bxa5 31. Kf1 Kd6 32. Ke2 Kd5 33. Kf3 Nc7 34. Ke3 Ne6 35. h3 Nf4 36. Kf3 Kxd4 37. h4 Nd3 38. hxg5 Nxb2 39. Kf4 Nc4 40. Kf5 Nxa3 41. Kg6 Nc4 42. Kxg7 a4 43. Kf8 a3 44. g6 a2 45. g7 a1Q 46. g8Q Qa3+ 47. Kg7 Qe7+ 48. Kg6 Ne5+ 49. Kh5 Qf7+ 50. Qxf7 Nxf7 51. g4 a5 52. f4 Ke4 53. g5 Kf5 54. g6 Kf6 55. gxf7 Kxf7 56. Kg5 a4 0-1

[Event "Mostoles Bicentenary op"]
[Site "Mostoles"]
[Date "2008.05.20"]
[Round "1"]
[White "Montero Garcia, Francisco Javier"]
[Black "Larino Nieto, David"]
[Result "0-1"]
[WhiteElo "1902"]
[BlackElo "2422"]
[PlyCount "42"]
[EventDate "2008.05.20"]
[EventType "swiss"]
[EventRounds "9"]
[EventCountry "ESP"]
[SourceTitle "CBM 124 Extra"]
[Source "ChessBase"]
[SourceDate "2008.07.03"]
[SourceVersion "1"]
[SourceVersionDate "2008.07.03"]
[SourceQuality "1"]

1. e4 e6 2. d3 c5 3. Nd2 Nc6 4. Ngf3 d5 5. g3 g6 6. Bg2 Bg7 7. 0-0 Nge7 8. c3 0-0 9. Re1 b6 10. a3 Ba6 11. Qc2 dxe4 12. dxe4 Bd3 13. Qa4 Qc7 14. e5 Rad8 15. Nc4 Bxc4 16. Qxc4 Nxe5 17. Nxe5 Bxe5 18. Bg5 Bg7 19. Rxe6 fxe6 20. Qxe6+ Rf7 21. Re1 Kf8 0-1